00767nam a22001937a 4500003000900000008004100009040007100050082002100121100001900142245003300161260003700194300004400231440003800275505017700313650002000490650001300510650001800523700003200541AR-CdUCM190509b ||||| |||| 00| 0 spa d aMUNICIPALIDAD PROVINCIAL DEL CUSCOcBIBLIOTECA MUNICIPAL DEL CUSCO 28ed.a578 /bK85 aKruif, Paul de aLos cazadores de microbios / aBuenos Aires :bClaridad,c1950. a365 páginas ;bIlustraciones,c21 cm. aBiblioteca de obras famosas ;n31 aContenido: Antonio Van Leewenhoeh, el primer cazador de microbios -- Lazzaro Spallanzani, los microbios nacen de microbios -- Luis Pasteur, los microbios son un peligro ... aBacteriología aHistoria aCientíficos aWarren, Gregory (traductor)